000 00470nam a2200181Ia 4500
008 240925s9999 xx 000 0 und d
020 _a852296061
082 _a912.1 BRI
100 _aNot - Available
245 0 _aBritannica Atlas
250 _aNA
260 _aChicago:
_bEncyclopadia Britanic
_c,1994.
300 _axix,750p.
_bNA
_fOriginal
500 _aIncludes Index
600 _aHumanities & Natural Science
650 _aGeography and travel
942 _cBK
999 _c2742
_d2742